Quizzes
Events
Quiz Creation
Community
Videos
Private Events
Remove Ads
Sign In
Join for FREE
Feedback
Dark Mode
Quiz Categories
Sports
Geography
Music
Movies
Television
Just For Fun
Miscellaneous
History
Literature
Language
Science
Gaming
Entertainment
Religion
Holiday
For Kids
Quiz Lab
Recent
Popular Today
Quiz Kudos Today
Editor Picks
Curator Picks
Quizzes by...
Day
Popularity
Type
Ratings
Length
Year
Community
Subscriptions
Recent Discussions
Orange Saloon
Badges
Playlists
Quests
Create
Leaderboards
Showdown
Live 5
Trivia Bingo
Activity
Puzzle Library
Sporcle Events
Private Events
Virtual Trivia
Globe League
Become a Host
Pub Owners
SporcleCon
Opinionation
Our Games
Videos
Blog
Mobile Apps
Partnerships
Remove Ads and Go Orange
Feedback
Sports
Athletes
MLB
NBA
NHL
NFL
Soccer
Sports Teams
WWE
NCAA
Football
Premier League
Basketball
Baseball
Hockey
Golf
Tennis
Cricket
Rugby
Auto Racing
Olympics
World Cup
Sports
Athletes
MLB
NBA
NHL
NFL
Soccer
Sports Teams
WWE
NCAA
Football
Premier League
Basketball
Baseball
Hockey
Golf
Tennis
Cricket
Rugby
Auto Racing
Olympics
World Cup
Random Quiz
Search Sporcle
×
Quiz Lab
Quiz Lab
Sports
NBA
Type in answers that appear in a list
Type in answers that appear in a list
Classic
Best Score? Go Orange.
NBA Famous Big Threes Stats
Can you name these famous NBA big threes?
By
Tplush2
10m
45 Questions
3,134 Plays
3,134 Plays
3,134 Plays
Comments
Comments
Give Quiz Kudos
Give Quiz Kudos
-
- Ratings
hide this ad
Replay
Link that replays current quiz
Next Quiz
Link to next quiz in quiz playlist
You Got
0%
They Got
Avg Score
75%
Avg Friend Score
Upgrade to see
Score Distribution
Jump to the score distribution portion of the page
Score
0/45
Timer
10:00
0
Plays Today
Team
Big Three member
% Correct
Heat
LeBron James
97.4%
Cavaliers
LeBron James
97.4%
Heat
Dwyane Wade
95.8%
Heat
Chris Bosh
95.4%
Celtics
Paul Pierce
93.5%
Celtics
Kevin Garnett
93.4%
Bulls
Michael Jordan
93.1%
Cavaliers
Kyrie Irving
92.5%
Cavaliers
Kevin Love
92.1%
Bulls
Scottie Pippen
92%
Celtics
Ray Allen
91.9%
Bulls
Dennis Rodman
90.9%
Suns
Steve Nash
90.9%
Spurs
Tim Duncan
90.2%
Spurs
Tony Parker
89.6%
Lakers
Magic Johnson
89.3%
Celtics
Larry Bird
88.3%
Lakers
Kareem Abdul-Jabbar
87.4%
Bucks
Kareem Abdul-Jabbar
87.4%
Jazz
Karl Malone
86.3%
Jazz
John Stockton
85.7%
Celtics
Bill Russell
85.6%
Pistons
Isiah Thomas
84.9%
Team
Big Three member
% Correct
Spurs
Manu Ginobili
84.7%
Suns
Amar'e Stoudemire
77.5%
Celtics
Kevin McHale
76.9%
Lakers
James Worthy
75.8%
Lakers
Jerry West
74.9%
Bucks
Oscar Robertson
74%
Lakers
Wilt Chamberlain
71.9%
Celtics
Bob Cousy
70.8%
Celtics
Robert Parish
70.4%
Pistons
Joe Dumars
69.8%
Suns
Shawn Marion
65%
Lakers
Elgin Baylor
64.8%
Celtics
John Havlicek
64.5%
Pistons
Bill Laimbeer
59.2%
Wizards/
Bullets
Wes Unseld
54.6%
Celtics
Sam Jones
53.4%
Wizards/
Bullets
Elvin Hayes
47.6%
Jazz
Jeff Hornacek
40.1%
Celtics
Dave Cowens
39.9%
Celtics
Jo Jo White
32.5%
Bucks
Bob Dandridge
18.9%
Wizards/
Bullets
Earl Monroe
18.4%
Quiz Playlist
Details
Report
Send in Message
Add To Playlist
Classic:
Type in answers that appear in a list
Last Updated: Feb 8, 2019
Quiz Scoreboard
CHALLENGE
Sign Up to Join the Scoreboard
Show All
Scores
Hide
Comments
May contain spoilers
Recently Published
College Basketball Coaching Resumes
by pancakes188
Sports
9m
Billboard Blitz: Fleetwood Mac
by CooCooCachoo
Music
15s
Presidents Visiting Landmarks
by Hejman
History
7m
More to Explore
Quiz From the Vault
Featured Blog Post
Where Did the Easter Bunny Come From?
hide this ad
You Might Also Like...
Tags
NBA Quiz
All-NBA
Big 3
NBA All-Star
NBA MVP
NBA Opening Lineups
NBA Player
NBA Points
NBA Team Leaders
NBA Teams
Today's Top Quizzes in Sports
Browse Sports
hide this ad
Today's Top Quizzes in NBA
Browse NBA
Top Contributed Quizzes in Sports
1
2022 World Cup Stars
2
Les meilleurs buteurs des matchs entre le PSG et l’OM
3
FIFA Club World Cup Champions
4
Les entraîneurs de l'OM et du PSG au 21e siècle
5
Criteria MLB: Left Handed Sluggers
6
AFC Teams Reveal (Wrong Answers Minefield)
7
5-to-1: UK Sports Teams
8
5-to-1: FBS Animal Nicknames
9
2023 MLB Unique Player Accomplishments
10
Name the Premier League winners with different clubs
Explore More
Trending Topics
Anime
NBA
Disney
Kpop
Crossword
Harry Potter
Marvel
WWE
Country
Song
Soccer
The Office
Pokémon
NFL
Puzzle
hide this ad
More By:
Tplush2
Quiz
Plays
Rating
Category
Featured
Created
NBA Famous Big Threes
3,134
3.63
Sports
Dec 8, 2016
NBA Big Three's
628
Sports
Nov 24, 2016
A Decade (Almost) of Sports (2010s)
357
1.00
Sports
Nov 12, 2016
ESPN NBA Rank
247
3.67
Sports
Nov 12, 2016
2016 FBS All-Americans
126
Sports
Jan 14, 2017
Go to Creator's Profile
Score Distribution
Quiz Creator Spotlight
Tplush2
Follow
Send a Message
Quizzes Created
-
Created Quiz Play Count
-
More By This Creator
Popular Quizzes Today
1
Find the US States - No Outlines Minefield
2
Find the Countries of Europe - No Outlines Minefield
3
The Countries of the World
4
Find the US States
5
Risky Map Clicking: Biggest States A-Z
6
US States
7
Popular People in 1961
8
Movies - When Are They Set?
More Sports Quizzes
Marcelo's Career
Quiz Lab
Trending Quizzes
Risky Map Clicking: Least Populous States A-Z
1-10 Letter G Words
1-10 Letter F Words
Risky Map Clicking: Next State Alphabetically
Risky Map Clicking: Biggest States A-Z
Recently Updated
Leaping Animals
pecheneg
Reality TV Shows (A-Z)
bhenderson79
Rickey Henderson's Hall of Fame Teammates
pecheneg
Champions League XIs: Arsenal
pecheneg
Quick Pick: Celebrities in WWE's Hall of Fame
aduchscher
A-Z Keypad Blitz II
pecheneg
Multiple Oscar Actors
pecheneg
Mystery Phrase Blitz: Oscar 'Best Actors'
pecheneg
F. Scott Fitzgerald Novels
LTH
Pick 3 Villains
ddd62291
Trending Topics
Harry Potter
Disney
Crossword
Anime
Marvel
Kpop
NBA
The Office
Pokémon
Puzzle
Song
NFL
Soccer
Country
WWE
Your Account Isn't Verified!
In order to create a playlist on Sporcle, you need to verify the email address you used during registration. Go to your
Sporcle Settings
to finish the process.
Report this User
Report this user for behavior that violates our
Community Guidelines
.
Details:
Send Report
Go to the Sporcle.com Mobile Site →
Comments